Responses for Show #8035 - Friday, July 12, 2019

Sam Kavanaugh game 3.

Contestants

[<< previous game]

Heather Ringman, an engineer from Houston, Texas

Justin Burden, an alcohol lawyer from West Hollywood, California

Sam Kavanaugh, a teacher from Minneapolis, Minnesota (whose 2-day cash winnings total $46,000)

[next game >>]

Jeopardy! Round responses

WHAT'S THAT IN YOUR EAR?
3-LETTER READING
LET'S MAKE A NEW DEAL
MEN IN BLACK
PITTSBURGH
VOWEL FLOP
    $200 6
Q-tips

Justin
    $200 21
an act

Sam
    $200 1
FDR

Justin
    $200 19
The X-Files

Sam
    $200 11
the 18th century

Justin
    $200 14
(Alex: The U's in Sulu get changed to O's for [*].)

Solo

Triple Stumper
    $400 7
an earplug

Sam
    $400 20
Pip

Triple Stumper
    $400 2
Macbeth

Justin
    $400 25
a ninja

Sam
    $400 12
a Big Mac

Sam
    $400 15
(Alex: For Lady Gaga.)

Gigi

Sam
    $600 8
a stethoscope

Justin
    $600 22
Sex

Heather
    $600 3
the Green New Deal

Sam
    $600 26
Tommy Lee Jones

Heather
    $600 13
Mr. Rogers

Triple Stumper
    $600 16
(Alex: For Bibi.)

baba

Sam
    $800 9
hearing aids

Justin
    $800 23
an ode

Heather
    $800 4
bargaining

Sam
    $800 27
Bauhaus

Heather
    $800 29
triangle

Justin
    $800 17
(Alex: State bird is the nene, and the relative is [*].)

nana

Triple Stumper
    $1000 10
a stirrup

Sam
    $1000 24
Amy Tan

Triple Stumper
    $1,400 5
(Sam: What is... relations?)

recovery

Sam
    $1000 28
Matthew McConaughey

Heather
    $1000 30
Gothic

Heather
    $1000 18
Mimi

Sam

Scores at the first commercial break (after clue 15):

Sam Justin Heather
$2,200 $2,400 $0

Scores at the end of the Jeopardy! Round:

Sam Justin Heather
$4,600 $3,200 $4,800

Double Jeopardy! Round responses

DESERT-POURRI
ACRONYMS & ABBREVS.
THE OLYMPIC GAMES
SECOND LETTER "Y"
ALIEN INVASION!
TAKE ME TO YOUR LIEDER
    $400 1
camels

Heather
    $400 26
(Heather: What is era? [*]?)

before common era

Heather
    $400 27
yards

Justin
    $400 28
Dynasty

Justin
    $400 29
the mosquito

Sam
    $400 30
a piano

Sam
    $800 2
the Sahara

Heather
    $800 14
public displays of affection

Sam
    $800 10
Nancy Kerrigan

Justin
    $800 20
dystopian

Sam
    $800 7
a python

Heather
    $800 18
the Romantic era

Sam
    $1200 3
Chile

Sam
    $1200 15
self-contained underwater breathing apparatus

Heather
    $1200 13
Chariots of Fire

Heather
    $1200 19
Byzantine

Sam
    $1200 6
the Mediterranean fruit fly

Triple Stumper
    $1200 23
chanson

Triple Stumper
    $1600 4
Desert Shield

Sam
    $1600 16
federal insurance

Triple Stumper
    $1600 12
(Alex: Jean-Claude Killy, the world-famous [*].)

skier

Triple Stumper
    $1600 21
hydrangeas

Heather
    $1600 8
the lionfish

Heather
    $1600 24
Kurt Weill

Triple Stumper
    $7,400 5
the Red Sea

Sam
    $2000 17
code

Heather
    $2000 11
(Sam: Who's Owens?)

Carl Lewis

SamJustin
    $2000 22
cytoplasm

Triple Stumper
    $2000 9
killer bees

Heather
    $2,000 25
(Heather: Who is Beethoven?)

Franz Schubert

Heather

Scores at the end of the Double Jeopardy! Round:

Sam Justin Heather
$17,200 $6,800 $14,800

[wagering suggestions for these scores]

Final Jeopardy! Round responses

WORD ORIGINS
JustinWhat is a Gumshoe?
$6,500
HeatherWhat sneaker
$14,700
SamWhat is Gumshoe?
$12,401
a gumshoe

Final scores:

Sam Justin Heather
$29,601 $13,300 $100
3-day champion: $75,601 2nd place: $2,000 3rd place: $1,000

Game dynamics:

Coryat scores:

Sam Justin Heather
$13,200 $6,800 $16,800
20 R
(including 1 DD),
2 W
(including 1 DD)
11 R,
0 W
16 R,
1 W
(including 1 DD)

Combined Coryat: $36,800

[game clues] [game scores] [suggest correction]

Game tape date: 2019-03-27
The J! Archive is created by fans, for fans. Scraping, republication, monetization, and malicious use prohibited; this site may use cookies and collect identifying information. See terms. The Jeopardy! game show and all elements thereof, including but not limited to copyright and trademark thereto, are the property of Jeopardy Productions, Inc. and are protected under law. This website is not affiliated with, sponsored by, or operated by Jeopardy Productions, Inc. Join the discussion at JBoard.tv.